书目信息 |
| 题名: |
词汇22000
|
|
| 作者: | 刘毅 编著 | |
| 分册: | ||
| 出版信息: | 海口 三环出版社 1998.05 |
|
| 页数: | 356页 | |
| 开本: | 19cm | |
| 丛书名: | ||
| 单 册: | ||
| 中图分类: | H313.2 | |
| 科图分类: | ||
| 主题词: | 英语--同义词 , 英语--多义词 , 英语--反义词 | |
| 电子资源: | ||
| ISBN: | 7-80564-912-X | |
| 000 | 00598nam0 2200229 45 | |
| 001 | 0112201090 | |
| 005 | 20041130085121.2 | |
| 010 | @a7-80564-912-X@dCNY16.80 | |
| 100 | @a20011220d1998 km y0chiy0120 ea | |
| 101 | 0 | @aeng |
| 105 | @a z 000yy | |
| 200 | 1 | @a词汇22000@ACi Hui 22000@f刘毅编著@FLiu Yi Bian Zhu |
| 205 | @a2版 | |
| 210 | @a海口@c三环出版社@d1998.05 | |
| 215 | @a356页@d19cm | |
| 606 | 0 | @a英语@x同义词 |
| 606 | 0 | @a英语@x多义词 |
| 606 | 0 | @a英语@x反义词 |
| 690 | @aH313.2@v4 | |
| 701 | @a刘毅@4编著 | |
| 801 | @aCN@bTSTC@c20011220 | |
| 905 | @f5@b301846-850@dH313.2@e241=2 | |
| 词汇22000/刘毅编著.-2版.-海口:三环出版社,1998.05 |
| 356页;19cm |
| ISBN 7-80564-912-X:CNY16.80 |
| ● |
| 相关链接 |
|
|
|
|
正题名:词汇22000
索取号:H313.2/241=2
 
预约/预借
| 序号 | 登录号 | 条形码 | 馆藏地/架位号 | 状态 | 备注 |
| 1 | 0301846 | 203018466 | 第四借阅区/ [索取号:H313.2/241=2] | 在馆 | |
| 2 | 0301847 | 203018475 | 第四借阅区/ [索取号:H313.2/241=2] | 在馆 | |
| 3 | 0301848 | 203018484 | 第四借阅区/ [索取号:H313.2/241=2] | 在馆 | |
| 4 | 0301849 | 203018493 | 第四借阅区/ [索取号:H313.2/241=2] | 在馆 | |
| 5 | 0301850 | 203018509 | 第二样本阅览室/ [索取号:H313.2/241=2] | 在馆 |